Movies Quiz

Random Movies or Quote Quiz

Yoda-fied Quotes: Return of the Jedi Quiz Stats

 Plays Quiz not verified by Sporcle

Support Sporcle.
Go Orange.
Score 0/15 Timer 02:00
0 Plays Today
% Correct
Darth Vader
78%
Jabba the Hutt
78%
Luke Skywalker
77.1%
Jabba the Hutt
76.1%
Obi-Wan Kenobi
74.3%
Darth Vader
71.6%
Han Solo
70.6%
Lando Calrissian
70.6%
% Correct
Emperor Palpatine
70.6%
Yoda
68.8%
Luke Skywalker
68.8%
Princess Leia Organa
66.1%
Princess Leia Organa
60.6%
C-3PO
58.7%
C-3PO
56%

You're not logged in!

Compare scores with friends on all Sporcle quizzes.
OR
Log In

From the Vault

Animated Moms

by Hejman

A mother is a person who, seeing there are only four pieces of pie for five people, promptly announces she never did care for pie. - Happy Mother's Day.
Remove Ads.
Support Sporcle.
Get the best of Sporcle when you Go Orange. This ad-free experience offers more features, more stats, and more fun while also helping to support Sporcle. Thank you for becoming a member.

Show Comments

Extras

Top Quizzes Today


Score Distribution

Your Account Isn't Verified!

In order to create a playlist on Sporcle, you need to verify the email address you used during registration. Go to your Sporcle Settings to finish the process.

Report this User

Report this user for behavior that violates our Community Guidelines.

Details: